000 00864namaa2200193 i 4500
001 173780
003 ES-MaACL
005 20230906215337.0
008 100118s1892 sp |||| | cat d
040 _aSpMaBN
_bspa
_cPAB
100 1 _aArnau, Josep Maria.
_9141984
245 1 3 _aUn pollastre aixalat
_b: comedia bilingüe en un acto /
_coriginal y en verso porJosé María Arnau.
260 _aBarcelona :
_bLibrería Española de I. López,
_c1892 (
_fA. López Robert)
300 _a32 p. ;
_c21 cm.
500 _aEn port.: estrenada en el Teatro de Variedades la noche del 22 de julio de 1865.
594 _aTexto en castellano y catalán.
852 _aES-MaACL
_jB-8603(20)
_z.- Enc. pasta española
_q.- Falto de la cub. original
_z.- Enc. en un vol. facticio formando parte de la col. facticia "Teatro español moderno", vol. 56
999 _c173780
_d173780